000 00400pab a2200145 454500
008 180718b1995 xxu||||| |||| 00| 0 eng d
100 _aKooiman, Dick
245 _aCommunalism and Indian princely state
_ba comparison with British India.
260 _c1995
300 _ap.2123-133
362 _a26 Aug
650 _aCommunalism - India
773 _aEconomic and Political Weekly
909 _a29301
999 _c29301
_d29301